Social theory as science (Record no. 472)

MARC details
000 -LEADER
fixed length control field 00607nam a2200169 a 4500
008 - FIXED-LENGTH DATA ELEMENTS--GENERAL INFORMATION
fixed length control field 121122s1975 ||||||||||||||||| || u
020 ## - INTERNATIONAL STANDARD BOOK NUMBER
International Standard Book Number 0710081251
050 ## - LIBRARY OF CONGRESS CALL NUMBER
Classification number H 83 Kea
100 ## - MAIN ENTRY--PERSONAL NAME
Personal name Keat, Russell
245 10 - TITLE STATEMENT
Title Social theory as science
Statement of responsibility, etc. by Russell Keat and John Urry
260 ## - PUBLICATION, DISTRIBUTION, ETC.
Place of publication, distribution, etc. London
Name of publisher, distributor, etc. Routledge and Kegan Paul
Date of publication, distribution, etc. 1975
300 ## - PHYSICAL DESCRIPTION
Extent various pagings
500 ## - GENERAL NOTE
General note Includes Bibliography
650 ## - SUBJECT ADDED ENTRY--TOPICAL TERM
Topical term or geographic name entry element SOCIAL SCIENCES--PHILOSOPHY
700 ## - ADDED ENTRY--PERSONAL NAME
Personal name Urry, John
995 ## -
-- SPECIAL COLLECTIONS
-- 500371
-- CBU-DAG HAMMARSKJOLD INSTITUTE LIBRARY
-- H 83 Kea
-- 1
-- AVAILABLE
-- Dec 17, 2012
-- 500371
-- DHIPS Book Collection
999 ## -
-- 472
-- 472
Holdings
Withdrawn status Lost status Source of classification or shelving scheme Damaged status Not for loan Permanent Location Current Location Shelving location Date acquired Total Checkouts Full call number Barcode Date last seen Price effective from Koha item type
          CBU-DAG HAMMARSKJOLD INSTITUTE CBU-DAG HAMMARSKJOLD INSTITUTE   11/28/2022   H 83 Kea 500371 11/28/2022 11/28/2022 MONOGRAPH